000 00407pab a2200157 454500
008 180718b2002 xxu||||| |||| 00| 0 eng d
100 _aSharan, Shree Shankar
245 _aBy bullet or by ballot in J&K?
260 _c2002
300 _ap.7-8.
362 _a7 Sep
650 _aJammu and Kashmir - Politics and government
650 _aPolitics and government
773 _aMainstream
909 _a53733
999 _c53733
_d53733